Hoàng Sa, Trường Sa trong vòng tay tổ quốc
Tuyển chọn những bài báo và tư liệu viết về cuộc sống của người dân đất Việt nơi đầu sóng ngọn gió và những hoạt động kết nối nghĩa tình, thấm đượm ý nghĩa nhân văn cao đẹp. Họ đã trở thành những biểu tượng của đức quả cảm hy s...
Saved in:
| Format: | Book |
|---|---|
| Language: | Undetermined |
| Published: |
Hà Nội
Giáo dục Việt Nam
2013
|
| Subjects: | |
| Tags: |
Add Tag
No Tags, Be the first to tag this record!
|
| Institutions: | Trung tâm Học liệu Trường Đại học Cần Thơ |
|---|
| LEADER | 01221nam a2200205Ia 4500 | ||
|---|---|---|---|
| 001 | CTU_188191 | ||
| 008 | 210402s9999 xx 000 0 und d | ||
| 020 | |c 159000 | ||
| 082 | |a 320.1509597 | ||
| 082 | |b H407/T.1 | ||
| 245 | 0 | |a Hoàng Sa, Trường Sa trong vòng tay tổ quốc | |
| 245 | 0 | |c Hồng Châu, Minh Tân (Tuyển chọn, giới thiệu) | |
| 260 | |a Hà Nội | ||
| 260 | |b Giáo dục Việt Nam | ||
| 260 | |c 2013 | ||
| 520 | |a Tuyển chọn những bài báo và tư liệu viết về cuộc sống của người dân đất Việt nơi đầu sóng ngọn gió và những hoạt động kết nối nghĩa tình, thấm đượm ý nghĩa nhân văn cao đẹp. Họ đã trở thành những biểu tượng của đức quả cảm hy sinh trong chiến đấu và lao động, vì chủ quyền thiêng liêng của Tổ quốc đã vĩnh viến ra đi, hoá thân vào hồn thiêng đất nước | ||
| 650 | |a Truong Sa island,Hoang Sa island,Chủ quyền | ||
| 650 | |x Lịch sử | ||
| 910 | |a Hải | ||
| 980 | |a Trung tâm Học liệu Trường Đại học Cần Thơ | ||